Provinces de la République Démocratique du Congo (RDC) (carte) - Statistiques

Statistiques générales
  • Ce quiz a été pris 484 fois
  • Le résultat moyen est 12 sur 26
Réponses sur la Carte
Les réponses sont colorées sur une échelle allant du rouge au vert en fonction du pourcentage des utilisateurs qui les ont devinées à leur premier essai. Vous pouvez retrouver ces pourcentages ci-dessous.
 
Statistiques - réponses
Réponse % Correct
Kinshasa
92%
Nord Kivu
76%
Haut-Katanga
75%
Sud Kivu
75%
Kasaï
69%
Kongo Central
59%
Équateur
54%
Kasaï-Oriental
51%
Ituri
45%
Bas-Uele
43%
Kasaï-Central
43%
Haut-Uele
42%
Tshopo
39%
Maniema
38%
Tanganyika
38%
Kwilu
34%
Nord-Ubangi
34%
Sud-Ubangi
34%
Lomami
33%
Haut-Lomami
32%
Lualaba
32%
Kwango
30%
Mai-Ndombe
30%
Sankuru
29%
Tshuapa
29%
Mongala
27%
Aucun quiz correspondant
Distribution des résultats
% des personnes avec chaque résultat
Percentile par nombre de réponses
Votre historique - résultats
Vous n’avez pas pris ce quiz